Angličtina pro veřejnou správu

Saved in:
Bibliographic Details
Main Authors Zavázalová, Vladimíra (Author), Lukáčová, Alena (Author)
Format Book
LanguageCzech
English
Published Plzeň : Vydavatelství a nakladatelství Aleš Čeněk, 2007
Subjects
ISBN9788073800574
Physical Description494 s. ; 24 cm

Cover

LEADER 00000cam a2200000 a 4500
001 38202
003 CZ-ZlUTB
005 20190826001043.0
007 ta
008 071017s2007 xr e p 000 0 cze
020 |a 9788073800574  |q (brož.) 
035 |a (OCoLC)228778187 
040 |a ABA001  |b cze  |d ZLD002 
041 0 |a cze  |a eng 
072 7 |a 811.111  |x Angličtina  |2 Konspekt  |9 11 
072 7 |a 37.016  |x Učební osnovy. Vyučovací předměty. Učebnice  |2 Konspekt  |9 22 
080 |a 811.111  |2 MRF 
080 |a 35  |2 MRF 
080 |a 81'373.46  |2 MRF 
080 |a 81'42'373.46  |2 MRF 
080 |a (075.8)  |2 MRF 
100 1 |a Zavázalová, Vladimíra  |7 mzk2008442726  |4 aut 
245 1 0 |a Angličtina pro veřejnou správu /  |c Vladimíra Zavázalová, Alena Lukáčová 
260 |a Plzeň :  |b Vydavatelství a nakladatelství Aleš Čeněk,  |c 2007 
300 |a 494 s. ;  |c 24 cm 
504 |a Obsahuje bibliografii 
650 0 7 |a angličtina  |7 ph114056  |2 czenas 
650 0 7 |a veřejná správa  |7 ph127076  |2 czenas 
650 0 7 |a oborová terminologie  |7 ph138998  |2 czenas 
650 0 7 |a odborné texty  |7 ph123679  |2 czenas 
655 7 |a učebnice vysokých škol  |7 fd133772  |2 czenas 
700 1 |a Lukáčová, Alena  |7 jn20010309293  |4 aut 
910 |a ZLD002 
928 1 |a Vydavatelství a nakladatelství Aleš Čeněk. Plzeň 
952 |0 0  |1 0  |4 0  |6 8020ZAVÁZALOVÁV  |7 0  |8 BOOK  |9 87069  |a UTBZL  |b UTBZL  |c 030  |d 2008-09-04  |l 0  |o 802.0/ZAVÁZALOVÁ,V.  |p 420010118404  |r 2019-08-26 00:00:00  |v 437.00  |w 2019-08-26  |x N: nákup; | 20100831  |y 05 
952 |0 2  |1 0  |4 0  |6 8020ZAVÁZALOVÁV  |7 0  |8 BOOK  |9 87070  |a UTBZL  |b UTBZL  |c 006  |d 2008-09-04  |l 7  |o 802.0/ZAVÁZALOVÁ,V.  |p 420010118405  |r 2019-08-26 00:00:00  |v 437.00  |w 2019-08-26  |x N: nákup; | 20100831  |y 04 
952 |0 0  |1 0  |4 0  |6 8020ZAVÁZALOVÁV  |7 0  |8 BOOK  |9 87071  |a UTBZL  |b UTBZL  |c 030  |d 2008-09-04  |l 2  |o 802.0/ZAVÁZALOVÁ,V.  |p 420010118406  |r 2019-08-26 00:00:00  |v 437.00  |w 2019-08-26  |x N: nákup; | 20100831  |y 05 
992 |a BK  |b SK  |d 9 
901 |b 9788073800574  |f [1. vyd.]  |o 20080509 
999 |c 38202  |d 38202